• 首页
  • 本馆介绍
  • 公告通知
  • 最新文献
  • 馆藏检索
  • 电子资源
  • 读者导购
  • 参考咨询
  • 我的图书馆
  • 登录
  • 详细信息显示
  • 放入我的书架
  • 预约/预借图书
  • 作者相关作品
  • 分类相关作品
  • 丛书相关作品
  • 出版社相关作品

书目信息

  • 表格格式
  • 工作单格式
  • 卡片格式
题名:
怎样欣赏舞蹈
    
 
作者: 剑君 主编
分册: 20  
出版信息: 北京   北京燕山出版社  2006
页数: 117页
开本: 21cm
丛书名: 青少年文化艺术修养全书
单 册:
中图分类: J705.1
科图分类:
主题词: 舞蹈艺术--鉴赏--世界--青年读物
电子资源:
ISBN: 7-5402-0799-X
000 00791oam2 2200241 450
001 1553068726
005 20150129144528.25
010    @a7-5402-0799-X@dCNY4.80
100    @a20070327d2006 em y0chiy50 ea
101 0  @achi
102    @aCN@b110000
105    @aa z 000yy
200 1  @a怎样欣赏舞蹈@9zen yang xin shang wu dao@h20@f剑君主编
210    @a北京@c北京燕山出版社@d2006
215    @a117页@c图@d21cm
225 2  @a青少年文化艺术修养全书@v20
330    @a本书具体介绍了远古舞蹈的起源,舞蹈的基本术语、重要概念、三大要素,舞蹈欣赏的基本过程、基本方法等。
461  0 @12001 @a青少年文化艺术修养全书
606 0  @a舞蹈艺术@x鉴赏@y世界@j青年读物
690    @aJ705.1@v5
701  0 @a剑君@9jian jun@f(1967.12~)@4主编
801  0 @aCN@bTSSF@c20150129
905    @aZUCC@dJ705.1@eJY1:20
    
    怎样欣赏舞蹈.20/剑君主编.-北京:北京燕山出版社,2006
    117页:图;21cm.-(青少年文化艺术修养全书;20)
    
    
    ISBN 7-5402-0799-X:CNY4.80
    本书具体介绍了远古舞蹈的起源,舞蹈的基本术语、重要概念、三大要素,舞蹈欣赏的基本过程、基本方法等。
●
相关链接 在E读中查询图书 在五车中查询图书 在当当中查询图书 在豆瓣中查询图书


正题名:怎样欣赏舞蹈     索取号:J705.1/JY1:20         预约/预借

序号 登录号 条形码 馆藏地/架位号 状态 备注
1 7838648   278386480   学院路分馆/ [索取号:J705.1/JY1:20] 在馆    
2 7838649   278386499   学院路分馆/ [索取号:J705.1/JY1:20] 在馆    
唐山师范学院图书馆 欢迎您!
大连网信软件有限公司© 版权所有